| 000 | 00907nam a22002777a 4500 | ||
|---|---|---|---|
| 001 | BR8704137 | ||
| 003 | BR-BrBNA | ||
| 005 | 20230928092653.0 | ||
| 007 | ta | ||
| 008 | 230509b bl.||||| |||| 00| 0 por d | ||
| 040 |
_aBR-BrBNA _bpor _cBiblioteca Nacional de Agricultura |
||
| 041 | _a(Por) | ||
| 072 |
_aF30 _b1540 _b/G518 |
||
| 090 | _ 1540 BR8704137 | ||
| 100 | 1 | _aAlvarez, L.A.C. | |
| 110 | 1 |
_aEscola Superior de Agricultura de Lavras, MG (Brasil) _0Tese (Mestrado) |
|
| 245 | 1 | _aEfeito da populacao sobre algumas caracteristicas em dez cultivares de mandioca (Manihot esculenta Crantz)em tres localidades da Colombia | |
| 260 | 3 |
_aLavras, MG (Brasil): _c1986. |
|
| 300 | _a122 p. | ||
| 500 | _a26 tables; Bibliography p. 90-104 (90 ref.); Summaries (Eng, Por) | ||
| 650 | _aMANDIOCA | ||
| 650 | _aVARIEDADE | ||
| 650 | _aCOLOMBIA | ||
| 909 |
_a202309 _bLucia _c55 _dLucia Elande |
||
| 942 | _cBK | ||
| 999 |
_c40504 _d40504 |
||